000 00741cam a2200157 4500500
005 20260111053239.0
041 _afre
042 _adc
100 1 0 _aRivet de Sabatier, Philippe
_eauthor
245 0 0 _aHugues Lagrange, La peine et le plaisir. Dépression, addiction, obésité.. Presses universitaires de France, 2025, 352 pages, €22.
260 _c2025.
500 _a97
520 _aIn Paris, at the Bibliothèque nationale de France, an exhibition devoted to Colette reveals the many lives of this emblematic literary figure of the twentieth century.
786 0 _nÉtudes | 4331 | 11 | 2025-11-03 | p. 138a-139 | 0014-1941
856 4 1 _uhttps://shs.cairn.info/journal-etudes-2025-11-page-138a?lang=en&redirect-ssocas=7080
999 _c1613753
_d1613753